000 00541nam a2200181Ia 4500
999 _c37122
_d37122
003 OSt
005 20210123132111.0
008 190216s9999||||xx |||||||||||||| ||und||
020 _a9789332508392
040 _coclc
082 _a001
_bTHO/T
100 _aThorpe, Edgar
_96395
245 4 _aThe Pearson Current Events Digest 2013-14 /
_cEdgar Thorpe ; Showick Thorpe
260 _bPearson Education Asia,
_c2013.
_aNew Delhi:
300 _a220p
650 _aReferences
942 _cREF
_2ddc
_h001
_iTHO/T
_k001
_mTHO/T